000
00320nam a22001457a 4500
008
210311b ||||| |||| 00| 0 eng d
020
_a
0138452482
041
_a
eng
080
_2
3th
_a
311
082
_2
3th
_a
311
100
_a
36
101
_a
STA
245
_a
Statistics for Managment
_c
Levin,I.R
942
_2
udc
_c
BK
999
_c
56374
_d
56374